All Places in the Austin Metro Area - Statistics

General Stats
  • This quiz has been taken 12 times
  • The average score is 16 of 61
Answer Stats
Population City % Correct
961,855 Austin
100%
16,090 Buda
89%
77,595 Cedar Park
89%
67,176 Georgetown
89%
45,697 Kyle
89%
119,468 Round Rock
89%
67,553 San Marcos
89%
59,202 Leander
78%
65,191 Pflugerville
78%
12,720 Bastrop
67%
10,165 Dripping Springs
67%
12,438 Elgin
56%
17,166 Lockhart
44%
13,652 Manor
44%
22,519 Brushy Creek
33%
264 Hays
33%
27,577 Hutto
33%
10,201 Lago Vista
33%
19,056 Lakeway
33%
1,438 Rollingwood
33%
17,872 Taylor
33%
8,510 Bee Cave
22%
423 Creedmoor
22%
11,984 Liberty Hill
22%
617 Sunset Valley
22%
522 Volente
22%
14,000 Wells Branch
22%
3,208 West Lake Hills
22%
2,889 Wimberley
22%
1,676 Bartlett
11%
7,943 Camp Swift
11%
2,588 Circle D-KC
11%
1,211 Florence
11%
1,825 Garfield
11%
1,209 Granger
11%
4,005 Hudson Bend
11%
2,615 Jonestown
11%
1,276 Lost Creek
11%
676 Mountain City
11%
4,822 Shady Hollow
11%
2,342 The Hills
11%
873 Thrall
11%
770 Weir
11%
3,356 Barton Creek
0%
461 Bear Creek
0%
2,387 Briarcliff
0%
302 Coupland
0%
5,151 Jarrell
0%
5,752 Luling
0%
1,266 Martindale
0%
1,002 Mustang Ridge
0%
720 Niederwald
0%
1,243 Point Venture
0%
517 San Leanna
0%
2,098 Serenada
0%
4,335 Smithville
0%
1,388 Thorndale
0%
1,885 Uhland
0%
472 Webberville
0%
1,866 Woodcreek
0%
3,694 Wyldwood
0%
No matching quizzes found
Score Distribution
Percent of People with Each Score
Percentile by Number Answered
Your Score History
You have not taken this quiz